Detviánske oplecká

Zobrazenie: Pohľad na päť žien, ktoré sú oblečené v ľudových krojoch

Bibliographic Details
Format: Photo
Language:Slovak
PhysicalDescription:1 pohľadnica čiernobiela 9 x 14 cm
Published: [Slovensko?] [vydavateľ neznámy] [1924?]
Subjects:

MARC

LEADER 00000ckm a2200000 a 4500
001 vtls010208788
003 SK-MaSNL
005 20260302011558.0
007 kf bo
008 200701q1924 xo g kuslo
015 |a SNBG1924 
040 |a SNK  |b slo  |c SNK  |e AACR2 
041 0 |a slo 
043 |a e-xo--- 
044 |a xo  |c SK 
072 7 |a 913  |x Regionálna geografia  |2 konspekt 
080 |a 913(437.6)  |2 2011 
080 |a (084.121)  |2 2011 
080 |a 398  |2 2011 
080 |a 39  |2 2011 
080 |a 391  |2 2011 
245 0 0 |a Detviánske oplecká  |h grafika 
260 |a [Slovensko?]  |b [vydavateľ neznámy]  |c [1924?] 
300 |a 1 pohľadnica  |b čiernobiela  |c 9 x 14 cm 
520 8 |a Zobrazenie: Pohľad na päť žien, ktoré sú oblečené v ľudových krojoch 
650 0 7 |a ľudové odevy  |2 SNKPH  |9 85297 
650 0 7 |a folklór  |2 SNKPH  |9 19213 
650 0 7 |a etnológia  |2 SNKPH  |9 715 
651 7 |a Detva (Slovensko)  |2 SNKPHgeo  |9 15171 
655 7 |a miestne pohľadnice  |2 SNKPH  |9 70510 
655 7 |a žánrové pohľadnice  |2 SNKPH  |9 70524 
958 |a GBN 
958 |a GC 
999 |c 1006621  |d 1008551 
952 |a SNK  |b SNK  |y PREZ  |7 0  |p 17A0688430  |o snkSP 9013  |z Pohľadnica prešla poštou.  |0 0  |1 0  |4 0  |d 2011-02-03  |f 1  |l 0  |r 2026-02-24 12:38:40  |w 2026-02-24